| 000 | 00371nam a2200157Ia 4500 | ||
|---|---|---|---|
| 003 | LK-CoDNM | ||
| 008 | 010623t1904 xxu||||| |||| 00| 1 eng d | ||
| 040 |
_aLK-CoDNM _dLK-CoDNM _eLK-CoDNM |
||
| 041 | _aeng | ||
| 080 |
_a50 _bD14 |
||
| 100 |
_aHallock,F.W _eed. |
||
| 245 | _aSt.Thomas College Magazine | ||
| 260 |
_b? _c1904 |
||
| 300 | _b136p,1ill., 21 cm | ||
| 942 | _cBK | ||
| 999 |
_c85775 _d85775 |
||